000 00796nam a22002177a 4500
005 20110315112557.0
010 _aB-422632
020 _a9788176710657
_c350.00
035 _aB-422632
037 _aUBH
_bRP/CL/UBH/ 263/31.1.2011
082 _a339.5
100 _aVarian, Hal R.
_926582
245 _aIntermediate Microeconomics
_c Hal R.Varian
250 _a8th ed.
260 _aNew Delhi
_bAffiliated East West Press
_c2010
270 _a105 Nirmal Tower 26 Barakhamba Road
_bNew Delhi
_e110001
300 _axviii,739p
_c22 cm. (Pbk)
942 _2ddc
_cEN
_h338.5
_mVAR
999 _c51053
_d51053